Units of Time - Statistics

General Stats
  • This quiz has been taken 31 times
  • The average score is 18 of 43
Answer Stats
Hint Answer % Correct
Twelve of the above Year
97%
This quiz was made in the 21st _____ Century
93%
Six of the above Minute
93%
Double the above Decade
90%
3600 seconds or 1/24 of a day Hour
90%
Ten of the above Millennium
86%
Varies from 28-31 days Month
86%
Seven days Week
86%
One thousandth of a second Millisecond
83%
One billionth of a second Nanosecond
83%
Derived from an Old English term meaning "fourteen nights" Fortnight
76%
Add one more day to the above and happens every four of the above except those that are divisible by 100 but not 400 Leap Year
76%
One millionth of a second Microsecond
66%
One trillionth of a second Picosecond
66%
One hundredth of a second Centisecond
52%
One tenth of a second Decisecond
45%
Ten seconds Decasecond
41%
One million seconds Megasecond
41%
One quadrillionth of a second Femtosecond
38%
One thousand seconds Kilosecond
38%
One hundred seconds Hectosecond
31%
Occurs every twenty-five years in the Catholic Church Jubilee
31%
Four years, most commonly used to reference the waiting period between the Olympic Games Olympiad
28%
The time it takes for light to travel 100 quintillionth the length of a proton Planck Time
28%
Ten days Decaday
24%
The 60th anniversary of a monarch's rule Diamond Jubilee
24%
One quintillionth of a second Attosecond
21%
A thousand of the above Eon
21%
One septillionth of a second Yoctosecond
21%
One sextillionth of a second Zeptosecond
17%
One sextillion seconds Zettasecond
17%
Roughly 90 seconds and used in medieval times by astronomers Moment
14%
One septillion seconds Yottasecond
14%
One quintillion seconds Exasecond
10%
One octillionth of a second Rontosecond
10%
Five years, most commonly used in early Roman times to denote intervals between censuses Lustrum
7%
A thousand of the above Megaannum
7%
One nonillionth of a second Quectosecond
7%
One nonillion seconds Quettasecond
7%
One octillion seconds Ronnasecond
7%
In Hindu mythology, this equals to one day in the life of Brahma Kalpa
3%
Add another five to the above; denotes the intervals between Roman taxation assessments Indiction
0%
Ten of the above Shake
0%
No matching quizzes found
Score Distribution
Percent of People with Each Score
Percentile by Number Answered
Your Score History
You have not taken this quiz